000
00322nam a2200133Ia 4500
005
20251222140101.0
008
251222s1900||||xx |||||||||||||| ||spa||
020
_a
950-786-518-7
082
_a
111.8/H36
100
_a
Heidegger, MartÃn
245
0
_a
Meditación
264
_b
Biblioteca Internacional Martin
942
_c
LIB
999
_c
3932
_d
3932